Mycology and phytopathology (Record no. 207394)
[ view plain ]
| 000 -LEADER | |
|---|---|
| fixed length control field | 00703nam a22002297a 4500 |
| 005 - DATE AND TIME OF LATEST TRANSACTION | |
| control field | 20241204114830.0 |
| 010 ## - LCCN (DPL NO) | |
| LC control number | ENG-142830 |
| 020 ## - INTERNATIONAL STANDARD BOOK NUMBER | |
| International Standard Book Number | 9789390473533 |
| Terms of availability | 545.00 |
| 035 ## - SYSTEM CONTROL NUMBER | |
| System control number | EN-126362 |
| 037 ## - SOURCE OF ACQUISITION | |
| Source of stock number/acquisition | Academic Aspirations |
| 082 ## - DEWEY DECIMAL CLASSIFICATION NUMBER | |
| Classification number | 589.205 |
| 100 ## - MAIN ENTRY--PERSONAL NAME | |
| Personal name | Pradhan,Shashikala |
| 245 ## - TITLE STATEMENT | |
| Title | Mycology and phytopathology |
| Statement of responsibility, etc | by shashikala pradhan |
| 260 ## - PUBLICATION, DISTRIBUTION, ETC. (IMPRINT) | |
| Place of publication, distribution, etc | New Delhi |
| Name of publisher, distributor, etc | Academic Aspirations |
| Date of publication, distribution, etc | 2022 |
| 270 ## - ADDRESS | |
| Address | 4740/23 Ansari Road, Daryaganj, |
| City | New Delhi |
| Postal code | 110002 |
| 300 ## - PHYSICAL DESCRIPTION | |
| Extent | 320p. |
| Dimensions | 24cm(pbk) |
| 700 ## - ADDED ENTRY--PERSONAL NAME | |
| Personal name | M.Praveena |
| 9 (RLIN) | 74641 |
| 700 ## - ADDED ENTRY--PERSONAL NAME | |
| Personal name | S.S.Suganya |
| 9 (RLIN) | 74642 |
| 700 ## - ADDED ENTRY--PERSONAL NAME | |
| Personal name | S.Sugantha Priya |
| 9 (RLIN) | 74643 |
| 700 ## - ADDED ENTRY--PERSONAL NAME | |
| Personal name | R.Lavanya |
| 9 (RLIN) | 74644 |
| 942 ## - ADDED ENTRY ELEMENTS (KOHA) | |
| Source of classification or shelving scheme | Dewey Decimal Classification |
| Item type | English Books |
| Classification part | 589.205 |
| Call number suffix | PRA |
| Withdrawn status | Lost status | Not for loan | Collection code | Home library | Current library | Date acquired | Source of acquisition | Cost, normal purchase price | Full call number | Barcode | Copy number | Cost, replacement price | Koha item type |
|---|---|---|---|---|---|---|---|---|---|---|---|---|---|
| Non-fiction | R.K.Puram-8 | R.K.Puram-8 | 04/12/2024 | DBAD | 545.00 | 589.205 PRA | EN-126362 | 1 | 545.00 | English Books |
